000 00674cam a2200217 4500
001 ABS61430
008 000000n1999 000 0 eng u
035 _a(Sirsi) u100493
100 _aSeidl, A.
245 2 _aA lesson in learning
260 _c1999
490 _aEstates Gazette
_v(9939) 2 October 1999, 60-61(2)
520 _aSecond in series on education in the profession. Article explores the RICS CPD rules and their relevance to practising surveyors.
590 _aABS
650 _aCPD
650 _aRICS
650 _aCAREERS, EDUCATION AND TRAINING
650 _aRULES
690 _aMANAGEMENT-BUSINESS MANAGEMENT-PROFESSIONAL PRACTICE
942 _n0
999 _c60123
_d60123